000 00638nam a2200229Ia 4500
005 20260429111846.0
008 260429s9999||||xx |||||||||||||| ||und||
020 _a9789358997538
041 _aEnglish
082 _a635
_bAKI
100 _aAkino, A.
245 0 _aNanotechnology explored :
_btechniques and emerging trends in horticulture /
_cA. Akino
250 _a1st ed.
260 _aNew Delhi :
_bElite Publishing House,
_c2024.
300 _ax, 190p.; hb
650 _a Nanotechnology
650 _aHorticulture
700 _a Baranidharan, R.
700 _a Bharathi Raja, M.
700 _a Shakila, S.
942 _cTB
999 _c51168
_d51168